000 00201nam a22000857a 4500
008 161108b xxu||||| |||| 00| 0 eng d
100 _91049
_aGupta
245 _aLittle toys
260 _aNew Delhi
_bA B T
_c2005
999 _c3704
_d3704